| 000 | 01203cam a22003018a 4500 | ||
|---|---|---|---|
| 001 | 16401427 | ||
| 005 | 20100817115455.0 | ||
| 008 | 100813s2010 enk bf 001 0 eng | ||
| 010 | _a 2010031107 | ||
| 020 | _a0470721693 (cloth) | ||
| 020 | _a9780470721698 (cloth) | ||
| 040 |
_aDLC _cDLC |
||
| 050 | 0 | 0 |
_aTK8322 _b.H33 2010 |
| 082 | 0 | 0 |
_a621.31244 _222 _bPHO |
| 245 | 0 | 0 |
_aHandbook of Photovoltaic Science and Engineering / _cEdited by A Luque and S Hegedus. |
| 250 | _a2nd ed. | ||
| 260 |
_aChichester, West Sussex, U.K. ; _aHoboken, N.J. : _bWiley, 2010 _c2010. |
||
| 300 |
_a1132 p. : _bill.; _c23 cm. |
||
| 504 | _aIncludes bibliographical references and index. | ||
| 650 | 0 |
_aPhotovoltaic cells _vHandbooks, manuals, etc. _923086 |
|
| 650 | 0 |
_aPhotovoltaic power generation _vHandbooks, manuals, etc. _923087 |
|
| 653 |
_bEle _cApril2011 |
||
| 700 | 1 |
_aLuque, A. _q(Antonio) _923088 |
|
| 700 | 1 |
_aHegedus, Steven. _923089 |
|
| 942 |
_2ddc _cBB |
||
| 999 |
_c15118 _d15118 |
||